000 00909nam1a22002531 4500
001 rc\2244177
005 20110829181850.7
035 _a(NLR Aleph) 006514998
090 _a6369774
_c6369774
100 _a20110829g1979 |||y0rusy50 ca
101 0 _arus
102 _aRU
105 _a z |||||
200 1 _aОборудование для обжига вяжущих материалов
_eУчеб. пособие
_e[В 3 ч.]
210 _aМосква
_cМХТИ
_d1979-
215 _d20
300 _aВ надзаг.: Моск. хим.-технол. ин-т им. Д.И. Менделеева
606 _aВяжущие материалы
_xПроизводство
_xОборудование
_2psbo
700 1 _aВоробьева
_bМ. А.
_gМаргарита Андреевна
801 0 _aRU
_bNLR
_gpsbo
801 1 _aRU
_bELAR
_2rusmarc
852 _aNLR
_j77-4/29858
942 _cBOOK
980 _aNB